LEADER 02576nam1 22005653i 450 001 RAV0090247 005 20251003044322.0 020 $aIT$b728077 100 $a19900212d1971 ||||0itac50 ba 101 | $aita 102 $ait 181 1$6z01$ai $bxxxe 182 1$6z01$an 183 1$6z01$anc$2RDAcarrier 200 1 $aScritti politici giuridici e storici$fdi Francesco Bacone$ga cura di Enrico De Mas 205 $avolume primo 210 $aTorino$cUnione tipografico-editrice torinese$d1971 215 $a890 p$cill.$d24 cm 225 | $aClassici della politica 410 0$1001CFI0060778$12001 $aClassici della politica 463 1$1001RAV0090248$12000 $aVol. 1$fdi Francesco Bacone$v1 463 1$1001RAV0090249$12000 $aVol. 2$fdi Francesco Bacone$v2 606 $aPolitica$xTeorie$xInghilterra$xSec. 17.$2FIR$3CFIC077029$9I 676 $a320.01$9SCIENZA POLITICA. FILOSOFIA E TEORIA$v21 676 $a320.01$9SCIENZA POLITICA. TEORIA.$v22 676 $a320.5$9TEORIE E IDEOLOGIE POLITICHE$v20 676 $a321$9Scienza politica. Forme di governo e di stato$v14 696 $aVita politica$aAttivitą politica$aAspetti politici 699 $aPolitica$zVita politica 699 $aPolitica$zAttivitą politica 699 $aPolitica$zAspetti politici 700 1$aBacon$b, Francis$f <1561-1626>$3CFIV005524$4070$0159133 702 1$aDe Mas$b, Enrico$3CFIV017347$4340 790 1$aBacone$b, Francesco$f <1561-1626>$3CFIV167197$zBacon, Francis <1561-1626> 790 1$aBaconius$b, Franciscus$3SBNV038599$zBacon, Francis <1561-1626> 790 1$aVerulamius$b, Franciscus : de$3SBNV038600$zBacon, Francis <1561-1626> 790 1$aVerulamio$b, Franciscus : de$3SBNV038601$zBacon, Francis <1561-1626> 801 3$aIT$bIT-000000$c19900212 850 $aIT-BN0095 $aIT-NA0243 $aIT-AV0001 $aIT-AV0003 $aIT-AV0007 $aIT-SA0045 $aIT-NA0079 $aIT-NA0120 $aIT-NA0261 $aIT-NA0075 $aIT-AV0045 $aIT-BN0015 $aIT-NA0490 901 $bNAP MV$cH $nARTE E STORIA 901 $bNAP BM$cFILOSOFIA $n$ 901 $bNAP AL$cCARUSO $n$ 901 $bNAP AV$cSEZ. M $nSezione Moderna 901 $bNAP SV$cSF $n$ 901 $bNAP AR$cP. CICCONE$nDONAZIONE 901 $bNAP BN$cCOLL. $n$ 912 $aRAV0090247 977 $a 01$a 67$a AL$a AR$a AV$a BM$a BN$a CR$a FT$a GE$a MV$a PB$a SV 996 $aScritti politici giuridici e storici$9476149 997 $aUNISANNIO